000 00467nam a2200181Ia 4500
005 20250326125639.0
008 250326s9999 xx 000 0 und d
037 _aTextbook
040 _aFMSL
_beng
_cFMSL
041 _aeng
_2eng
084 _aX:8 L4
_qFMSL
100 _aBrown W
_9737325
245 0 _aOrganization
_cBrown W
260 _aEngland
_bEngland, Penguin Books
_c1974
300 _a494p
942 _cTB
_hX:8 L4
999 _c1278937
_d1278937